[Event "6th Gibtelecom Masters"]
[Site "Gibraltar ENG"]
[Date "2008.01.31"]
[Round "10"]
[White "Reichard,S"]
[Black "Svendsen,Pet"]
[Result "0-1"]
[WhiteElo "1967"]
[BlackElo "2011"]
[EventDate "2008.01.22"]

1. e4 e5 2. Nf3 Nf6 3. Nxe5 d6 4. Nf3 Nxe4 5. Nc3 Nf6 6. d4 d5 7. Bf4 c6 8.
Bd3 Be7 9. h3 O-O 10. O-O Re8 11. Re1 Nbd7 12. Qd2 Nf8 13. Re2 Ne6 14. Be5
Nd7 15. Bg3 Bf6 16. Rae1 Ndf8 17. Nd1 Bd7 18. c3 Qa5 19. a3 c5 20. dxc5
Qxc5 21. Ne3 Ng5 22. Nxg5 Bxg5 23. b4 Qc6 24. f4 Bf6 25. Nxd5 Rac8 26. Rxe8
Rxe8 27. Rxe8 Bxe8 28. Bh4 Bxh4 0-1

[Event "6th Gibtelecom Masters"]
[Site "Gibraltar ENG"]
[Date "2008.01.31"]
[Round "10"]
[White "Van Kemenade,R"]
[Black "Gonzalez Amaya,M"]
[Result "1-0"]
[WhiteElo "2029"]
[BlackElo "1823"]
[EventDate "2008.01.22"]

1. e4 e5 2. Bc4 Nf6 3. d3 d5 4. exd5 Nxd5 5. Nf3 Nc6 6. O-O Bg4 7. h3 Bh5
8. Re1 Qd6 9. g4 Bg6 10. d4 e4 11. Bxd5 Qxd5 12. Nc3 Qd7 13. Nxe4 O-O-O 14.
c3 h5 15. Nh4 hxg4 16. Nxg6 Rxh3 17. Nf4 Rh7 18. Kg2 Be7 19. Rh1 Bh4 20.
Nc5 Qe7 21. Qxg4+ f5 22. Qxf5+ Kb8 23. Qxh7 1-0

[Event "6th Gibtelecom Masters"]
[Site "Gibraltar ENG"]
[Date "2008.01.31"]
[Round "10"]
[White "Lode,M"]
[Black "Marks,I"]
[Result "0-1"]
[WhiteElo "1822"]
[BlackElo "1919"]
[EventDate "2008.01.22"]

1. e4 c5 2. Nf3 d6 3. d4 cxd4 4. Nxd4 Nf6 5. Nc3 a6 6. Bg5 e6 7. f4 Nc6 8.
Nb3 Be7 9. Qf3 Qc7 10. O-O-O Bd7 11. g4 b5 12. h4 b4 13. Ne2 a5 14. Bxf6
gxf6 15. f5 Ne5 16. Qg3 Rg8 17. Bh3 Qc4 18. Rd2 a4 19. Nbd4 Qxa2 20. Rdd1
Nc4 0-1